Słynne cytaty polskich polityków - Statystyki

Ogólne statystyki
  • Ten quiz został rozwiązany 80 razy
  • Średni wynik to 9 z 18
Statystyki odpowiedzi
Cytat Autor cytatu % Poprawnych
"Zdarzają się takie sytuacje, że biologiczny - podkreślam -biologiczny mężczyzna rodzi dziecko" Anna Maria Żukowska
74%
"Kondominium niemiecko-rosyjskie pod żydowsko -amerykańskim zarządem powierniczym" Grzegorz Braun
74%
"Chodź Szogunie!" Bronisław Komorowski
73%
"Ludzie mają zap....rdalać za miskę ryżu" Mateusz Morawiecki
73%
"Nie wiem, kim byli pana dziadkowie, ale wiem jedno:pan jest niemieckim agentem" Jarosław Kaczyński
68%
"Przypomnę strasznie dawne czasy. Wtedy, kiedy jeszcze były dinozaury, a ludzie nie mieli jeszcze żadnych strzelb, żadnej broni nowoczesnej, która pozwoliłaby im je zabić. Wie Pani, co robili? Rzucali kamieniami w tego dinozaura" Ewa Kopacz
67%
"Jak masz być prezydentem, musisz być twardy" Andrzej Duda
61%
"Gdybym był kobietą, byłbym lepszym premierem" Donald Tusk
53%
"Gdyby Pan się znał na kobietach, to by Pan wiedział,że zawsze się trochę gw...łci Janusz Korwin-Mikke
53%
"Ani be, ani me, ani kukuryku" Lech Wałęsa
53%
"Prawdziwego mężczyznę poznaje się nie po tym, jakzaczyna, lecz po tym, jak kończy" Leszek Miller
53%
"Moja babcia wzięła mojego brata do jakiejś wiejskiejbaby, która w tym miasteczku od dziesiątek lat leczyła ręce. Ta baba wzięła rękę mojego brata, coś tam ponaciskała i ręka zaczęła działać. Ja nie wiem jak" Sławomir Mentzen
52%
"Panie, spieprzaj pan! Spieprzaj, dziadu!" Lech Kaczyński
50%
"Odpowiem słowami wielkiego polskiego poety Tuwima.Próżnoś repliki się spodziewał, nie dam ci ni prztyczka ni klapsa. Nie powiem nawet pies Cię ..... bo to mezalians byłby dla psa" Leszek Miller
50%
"Ch...j, d...pa i kamieni kupa" Bartłomiej Sienkiewicz
24%
"Kiedy poseł Komorowski pukał się w głowę, huk był tak duży na sali, że aż zagłuszył moją wypowiedź" Andrzej Lepper
9%
"To jest takie pączkowanie, w ten sposób rozwija siękażdy grzyb, prawda, ale głowa psuje się od góry, a na górze stoi Jarosław Kaczyński" Ryszard Petru
8%
"Na gębę to jest krem Nivea, ja proszę o dokumenty" Radosław Sikorski
5%
Nie znaleziono quizów pasujących do podanych kryteriów
Rozkład punktacji
Procent ludzi z każdym wynikiem
Percentyl według liczby udzielonych odpowiedzi
Twoja historia wyników
Nie rozwiązałeś tego quizu